000
00230nam a2200097Ia 4500
001
689491
005
20250826161635.0
008
250824s9999 xx 000 0 und d
245
0
_a
İNTİBAH
_c
NAMIK KEMAL
260
_b
PANAMA YAYINLARI
999
_c
689491
_d
689491